The pearl / (Record no. 11713)
[ view plain ]
| 000 -LEADER | |
|---|---|
| fixed length control field | 01441nam a22002657a 4500 |
| 008 - FIXED-LENGTH DATA ELEMENTS--GENERAL INFORMATION | |
| fixed length control field | 090531t xxu||||| |||| 00| 0 eng d |
| 020 ## - INTERNATIONAL STANDARD BOOK NUMBER | |
| International Standard Book Number | 9781405852135 (pack ISBN) |
| 020 ## - INTERNATIONAL STANDARD BOOK NUMBER | |
| International Standard Book Number | 9781405850698 (Book ISBN) |
| 020 ## - INTERNATIONAL STANDARD BOOK NUMBER | |
| International Standard Book Number | 9781405850704 (CD- ISBN) |
| 082 00 - DEWEY DECIMAL CLASSIFICATION NUMBER | |
| Edition number | 21 |
| Classification number | 428.6 |
| Item number | STE |
| 100 1# - MAIN ENTRY--PERSONAL NAME | |
| Personal name | Steinbeck, John |
| Dates associated with a name | 1902-1968. |
| 9 (RLIN) | 5713 |
| 245 10 - TITLE STATEMENT | |
| Title | The pearl / |
| Statement of responsibility, etc | John Steinbeck; Retold by Gregory McElwain; Series editor Andy Hopkins and Jocelyn Potter. |
| 246 30 - VARYING FORM OF TITLE | |
| Title proper/short title | Pre- intermediate |
| 260 ## - PUBLICATION, DISTRIBUTION, ETC. (IMPRINT) | |
| Place of publication, distribution, etc | England : |
| Name of publisher, distributor, etc | Pearson Education, |
| Date of publication, distribution, etc | 2007. |
| 300 ## - PHYSICAL DESCRIPTION | |
| Extent | iv, 75p.: |
| Other physical details | col. ill.; |
| Dimensions | 20 cm. + |
| Accompanying material | 2 CD-ROM (4 3/4 in.) |
| 440 ## - | |
| -- | Penguin Active Reading ; |
| -- | 3 |
| -- | 5714 |
| 650 #0 - SUBJECT ADDED ENTRY--TOPICAL TERM | |
| Topical term or geographic name as entry element | English fiction |
| 9 (RLIN) | 5715 |
| 700 1# - ADDED ENTRY--PERSONAL NAME | |
| Personal name | McElwain, Gregory |
| 9 (RLIN) | 5716 |
| 700 1# - ADDED ENTRY--PERSONAL NAME | |
| Personal name | Hopkins, Andy |
| 9 (RLIN) | 5717 |
| 700 1# - ADDED ENTRY--PERSONAL NAME | |
| Personal name | Potter, Jocelyn |
| 9 (RLIN) | 5718 |
| 942 ## - ADDED ENTRY ELEMENTS (KOHA) | |
| Source of classification or shelving scheme | Dewey Decimal Classification |
| Item type | Book - Borrowing |
| Withdrawn status | Item status | Source of classification or shelving scheme | Damaged status | Not for loan | Vendor | Home library | Current library | Shelving location | Date acquired | Source of acquisition | Cost, normal purchase price | Serial Enumeration / chronology | Total Checkouts | Total Renewals | Full call number | Barcode | Date last seen | Date last borrowed | Koha item type | Public note |
|---|---|---|---|---|---|---|---|---|---|---|---|---|---|---|---|---|---|---|---|---|
| Lost and Paid For | Dewey Decimal Classification | Baccah | Central Library | Central Library | Second Floor | 31/05/2009 | 65.00 | 8029 | 3 | 96 | 428.6 STE | 000016423 | 29/06/2011 | 29/06/2011 | Book - Borrowing | |||||
| Dewey Decimal Classification | Baccah | Central Library | Central Library | Second Floor | 31/05/2009 | 8029 | 1 | 428.64 STE | 000016556 | 24/08/2022 | 24/06/2009 | CD | DVD - With book | Audio Disc 2 | |||||||
| Dewey Decimal Classification | Baccah | Central Library | Central Library | Second Floor | 31/05/2009 | 8029 | 1 | 428.64 STE | 000016557 | 24/08/2022 | 24/06/2009 | CD | DVD - With book | Aِudio Disc 1 |